| 000 | 01103nam0a22002771 4500 | ||
|---|---|---|---|
| 001 | rc\4364338 | ||
| 005 | 20130416141749.7 | ||
| 021 |
_aRU _b[68-42043] |
||
| 035 | _a(NLR Aleph) 008537351 | ||
| 090 |
_a8325469 _c8325469 |
||
| 100 | _a20130416d1968 |||y0rusy50 ca | ||
| 101 | 0 | _arus | |
| 102 | _aRU | ||
| 105 | _ay z ||||| | ||
| 200 | 1 |
_aГоды борьбы и побед _eТруды кафедр обществ. наук вузов _f[Отв. ред. Г.А. Гурин] _gМ-во высш. и сред. спец. образования Латв. СССР |
|
| 210 |
_aРига _cЗинатне _d1968 |
||
| 215 |
_a120 с. _d22 |
||
| 607 |
_aЛатвийская ССР _xИстория _jСборники _2psbo |
||
| 607 |
_aСССР _xИстория _jСборники _2psbo |
||
| 702 | 1 |
_aГурин _bГ. А. _4340 |
|
| 712 | 0 | 1 |
_aЛатвССР _bМинистерство высшего и среднего специального образования _3RU\NLR\AUTH\8810069335 |
| 801 | 0 |
_aRU _bNLR _gpsbo |
|
| 801 | 1 |
_aRU _bELAR _2rusmarc |
|
| 852 |
_aNLR _j68-5/2746 |
||
| 942 | _cBOOK | ||
| 980 | _aNB | ||